000 00918nam a22003017a 4500
001 BR6006190
003 BR-BrBNA
005 20230928095646.0
007 ta
008 230509b bl.||||| |||| 00| 0 por d
040 _aBR-BrBNA
_bpor
_cBiblioteca Nacional de Agricultura
041 _a(Por)
072 _aL73
_b5120
090 _ 5120 BR6006190
110 1 _aDepartamento Nacional da Producao Animal, Rio de Janeiro, GB (Brasil). Inst. de Biologia Animal
_93209
245 1 _aVerificacao de anticorpos para o virus "este" da encefalomielite equina em soro de cavalos no nordeste brasileiro
260 3 _aRio de Janeiro, GB (Brasil):
_c1944.
300 _a8 p.
500 _a11 ref.; Summaries (Eng, Por)
650 _aCavalo
650 _aVirus
650 _aEncefalomielite
650 _aSoro
650 _aAnticorpo
650 _aNordeste
909 _a202309
_bLucia
_c55
_dLucia Elande
942 _cBK
999 _c57926
_d57926